Zoznam pracovných listov k zákonu o daniach z príjmov
Zoznam pracovných listov k zákonu č. 366/1999 Z.z. o daniach z príjmov v znení neskorších predpisov. Citované paragrafy sa týkajú zákona č. 366/1999 Z.z. o daniach z príjmov. 20 Pracovných listov.
Gespeichert in:
| 1. Verfasser: | |
|---|---|
| Format: | Buchkapitel |
| Sprache: | Slowakisch |
| Schlagworte: | |
| Tags: |
Keine Tags, Fügen Sie das erste Tag hinzu!
|
MARC
| LEADER | 00000naa a2200000 4500 | ||
|---|---|---|---|
| 001 | r048087 | ||
| 005 | 20231003090048.4 | ||
| 041 | 0 | |a slo | |
| 044 | |a SK | ||
| 245 | 1 | 0 | |a Zoznam pracovných listov k zákonu o daniach z príjmov |c Zuzana Jedináková |
| 520 | |a Zoznam pracovných listov k zákonu č. 366/1999 Z.z. o daniach z príjmov v znení neskorších predpisov. Citované paragrafy sa týkajú zákona č. 366/1999 Z.z. o daniach z príjmov. 20 Pracovných listov. | ||
| 610 | 2 | 0 | |a dane z príjmov |
| 610 | 2 | 0 | |a postupy pracovné |
| 100 | 1 | |a Jedináková, Zuzana | |